<?xml version="1.0" encoding="UTF-8"?>
<record
    xmlns:xsi="http://www.w3.org/2001/XMLSchema-instance"
    xsi:schemaLocation="http://www.loc.gov/MARC21/slim http://www.loc.gov/standards/marcxml/schema/MARC21slim.xsd"
    xmlns="http://www.loc.gov/MARC21/slim">

  <leader>00941nam a2200253 a 4500</leader>
  <controlfield tag="001">37424</controlfield>
  <controlfield tag="003">BD-RjUL</controlfield>
  <controlfield tag="005">20211209052616.0</controlfield>
  <controlfield tag="008">150113r19961993nyu           000 0 eng  </controlfield>
  <datafield tag="035" ind1=" " ind2=" ">
    <subfield code="a">(BD-RjUL)37528</subfield>
  </datafield>
  <datafield tag="040" ind1=" " ind2=" ">
    <subfield code="a">DLC</subfield>
    <subfield code="c">CarP</subfield>
    <subfield code="d">DLC</subfield>
    <subfield code="d">BD-RjUL</subfield>
    <subfield code="b">eng</subfield>
  </datafield>
  <datafield tag="041" ind1=" " ind2=" ">
    <subfield code="a">eng</subfield>
  </datafield>
  <datafield tag="082" ind1=" " ind2=" ">
    <subfield code="2">21</subfield>
    <subfield code="a">615.321 </subfield>
    <subfield code="b">BOP 1996</subfield>
  </datafield>
  <datafield tag="100" ind1="1" ind2=" ">
    <subfield code="a">Boericke, William,</subfield>
    <subfield code="d">1849- [from old catalog]</subfield>
    <subfield code="9">114879</subfield>
  </datafield>
  <datafield tag="245" ind1="0" ind2="0">
    <subfield code="a">Pocket manual of hom&#x153;pathic materia medica :</subfield>
    <subfield code="b">comprising the characteristic and guiding symptoms of all remedies (clinical and pathogenetic) /</subfield>
    <subfield code="c">William Boericke</subfield>
  </datafield>
  <datafield tag="250" ind1=" " ind2=" ">
    <subfield code="a">9th ed.</subfield>
  </datafield>
  <datafield tag="260" ind1=" " ind2=" ">
    <subfield code="a">Delhi : Motilal Banarsidass, &#xA9;1993.</subfield>
    <subfield code="b"> Motilal Banarsidass, </subfield>
    <subfield code="c">1993 [reprint 1996].</subfield>
  </datafield>
  <datafield tag="300" ind1=" " ind2=" ">
    <subfield code="a">1075 p.:</subfield>
    <subfield code="b">ill.</subfield>
    <subfield code="c">18 cm.</subfield>
  </datafield>
  <datafield tag="650" ind1=" " ind2="0">
    <subfield code="a">Homeopathy</subfield>
    <subfield code="x">Materia medica and therapeutics.</subfield>
    <subfield code="9">114880</subfield>
  </datafield>
  <datafield tag="700" ind1="1" ind2=" ">
    <subfield code="a">Boericke, Oscar Eugene. [from old catalog]</subfield>
    <subfield code="9">114881</subfield>
  </datafield>
  <datafield tag="942" ind1=" " ind2=" ">
    <subfield code="2">ddc</subfield>
    <subfield code="c">BK</subfield>
  </datafield>
  <datafield tag="999" ind1=" " ind2=" ">
    <subfield code="c">37424</subfield>
    <subfield code="d">37424</subfield>
  </datafield>
  <datafield tag="952" ind1=" " ind2=" ">
    <subfield code="0">0</subfield>
    <subfield code="1">0</subfield>
    <subfield code="2">ddc</subfield>
    <subfield code="4">0</subfield>
    <subfield code="7">1</subfield>
    <subfield code="8">NFIC</subfield>
    <subfield code="a">IBSc</subfield>
    <subfield code="b">IBSc</subfield>
    <subfield code="c">Stack</subfield>
    <subfield code="d">2015-01-13</subfield>
    <subfield code="e">Karim International</subfield>
    <subfield code="g">246.00</subfield>
    <subfield code="l">0</subfield>
    <subfield code="o">615.321  BOP 1996</subfield>
    <subfield code="r">2015-01-13 00:00:00</subfield>
    <subfield code="t">C-1</subfield>
    <subfield code="w">2015-01-13</subfield>
    <subfield code="y">BK</subfield>
  </datafield>
</record>
